| 000 | 00796 a2200265 4500 | ||
|---|---|---|---|
| 003 | Nust | ||
| 005 | 20170207154022.0 | ||
| 020 | _a0-07-027389-8 (pbk) ; | ||
| 040 | _cNust | ||
| 082 | _a621.382 2 | ||
| 082 | _a621.382 2 | ||
| 082 | _a621.3822 | ||
| 100 | 1 | _aHayes, Monson H. | |
| 245 | 0 | 0 |
_aSchaum's outline of theory and problems of digital signal processing-(E-BOOK) _cMonson H. Hayes |
| 260 |
_aNew York : _bMcGraw-Hill, _c1999 |
||
| 300 | _a432 s. | ||
| 490 | 0 | _aSchaum's outline series | |
| 650 | 7 | _aDigital signal processing | |
| 650 | 7 | _aDigital signalbehandling | |
| 650 | 7 | _aDigital signalbehandling | |
| 650 | 7 | _aSignal processing - Digital techniques | |
| 651 | _aE-BOOK | ||
| 740 | 0 | _aDigital signal processing | |
| 740 | 0 | _aTheory and problems of digital signal processing | |
| 942 |
_2ddc _cBK |
||
| 999 |
_c191718 _d191718 |
||